000 00491nam a2200193 a 4500
001 1770285653236
003 YourLibrary
005 20260205153744.0
008 260205s2002##################000#0#eng##
020 _a9780415932646
082 0 4 _a333.2BOL
100 1 _aBollier, David,
_eauthor.
245 1 0 _aSilent Theft :
260 _bPsychology Press,
_c2002.
300 _a280 pages
650 0 _aBusiness & Economics.
942 _cENGLISH
040 _aYourLibrary
_beng
_cYourLibrary
999 _c610508
_d610508